Impacto económico del sector educativo privado. Resultado de los hallazgos de la investigación (Record no. 9170)

MARC details
000 -LEADER
campo de control de longitud fija 00477nam a2200145Ia 4500
001 - NÚMERO DE CONTROL
campo de control 4639
008 - DATOS DE LONGITUD FIJA--INFORMACIÓN GENERAL
campo de control de longitud fija 241024s9999 xx 000 0 und d
082 ## - NÚMERO DE LA CLASIFICACIÓN DECIMAL DEWEY
Número de clasificación RD/370.97293/A837i/2017
100 ## - ENTRADA PRINCIPAL--NOMBRE DE PERSONA
Nombre de persona República Dominicana. Asociación de Instituciones Educativas Privadas (INEP)
245 #0 - MENCIÓN DEL TÍTULO
Título Impacto económico del sector educativo privado. Resultado de los hallazgos de la investigación
260 ## - PUBLICACIÓN, DISTRIBUCIÓN, ETC.
Nombre del editor, distribuidor, etc. Amco
Fecha de publicación, distribución, etc. 2017
590 ## - NOTA LOCAL (RLIN)
Nota local si
901 ## - ELEMENTOS DE DATOS A LOCAL LDA (RLIN)
a 20/6/2017 8:31:16 a.m.

No items available.

© 2024. Todos los Derechos Reservados. Desarrollado por IDEICE